|
|
|
|
| LEADER |
00000nam a2200000 a 4500 |
| 001 |
vtls010502183 |
| 003 |
SK-MaSNL |
| 005 |
20260301053115.0 |
| 007 |
co bg muuua |
| 008 |
240318s2012 xo | fsp 000 0 slo |
| 015 |
|
|
|a SNBS2014
|
| 020 |
|
|
|a 9788055505220
|q (elektronická kniha)
|
| 040 |
|
|
|a SNK
|b slo
|c SNK
|e AACR2
|
| 041 |
0 |
|
|a slo
|
| 044 |
|
|
|a xo
|c SK
|
| 072 |
|
7 |
|a 2-23/-27
|x Biblia. Biblistika
|2 konspekt
|
| 080 |
|
|
|a 27-242
|2 2001
|
| 080 |
|
|
|a 27-27
|2 2001
|
| 080 |
|
|
|a (07)
|2 2001
|
| 080 |
|
|
|a (0.034.44)
|2 2001
|
| 100 |
1 |
|
|a Cap, Alexander,
|d 1963-
|4 aut
|9 175896
|
| 245 |
1 |
0 |
|a Stručný úvod do Starého Zákona I.
|h elektronický zdroj
|c Alexander Cap
|
| 260 |
|
|
|a Prešov
|b Prešovská univerzita
|c 2012
|
| 300 |
|
|
|a 1 elektronický optický disk (CD-ROM)
|c 12 cm
|
| 500 |
|
|
|a Názov z titulnej obrazovky
|
| 504 |
|
|
|a Bibliogr. odkazy
|
| 516 |
|
|
|a Textový dokument (učebnica), súbory vo formáte html, pdf
|
| 538 |
|
|
|a Technické požiadavky: internetový prehliadač, PDF prehliadač
|
| 630 |
0 |
7 |
|a Biblia
|p Starý zákon
|2 SNKPH
|9 185646
|
| 630 |
0 |
7 |
|a Bible
|p Old Testament
|2 SNKPHeng
|9 165673
|
| 650 |
0 |
7 |
|a biblistika
|2 SNKPH
|9 1798
|
| 650 |
0 |
7 |
|a Biblistics
|2 SNKPHeng
|9 294649
|
| 655 |
|
7 |
|a elektronické zdroje
|2 SNKPH
|9 90954
|
| 655 |
|
7 |
|a CD-ROM
|2 SNKPH
|9 70236
|
| 655 |
|
7 |
|a učebné texty
|2 SNKPH
|9 70568
|
| 655 |
|
7 |
|a Electronic resources
|2 SNKPHeng
|9 175546
|
| 655 |
|
7 |
|a Educational texts
|2 SNKPHeng
|9 277375
|
| 856 |
4 |
1 |
|u http://www.pulib.sk/web/kniznica/elpub/dokument/Cap4
|
| 919 |
|
|
|a 978-80-555-0522-0
|
| 958 |
|
|
|a NT
|
| 958 |
|
|
|a NB
|
| 999 |
|
|
|c 607490
|d 609420
|
| 952 |
|
|
|a SNK
|b SNK
|y PREZ
|7 0
|p 17A1066714
|o snkSCDM 5590/1
|i snk2013/7888
|8 0
|0 0
|1 0
|4 0
|d 2013-04-09
|l 0
|r 2026-02-23 16:13:21
|w 2026-02-23
|